000 nam a22 7a 4500
999 _c326808
_d326808
003 BLK
005 20201007040524.0
008 181127b bu ||||| |||| 00| 0 bu d
040 _aBLK
041 _aBUL
_cBUL
100 _aЕрна, Съли
_eпърви автор
_91299
139 _aЕрна, Съли
_bЕ 82
245 _aПътищата, които избираме
_cСъли Ерна
260 _9219755
_aСофия
_bСиела
_c2018
300 _a240 с.
_c22 см
380 _aX
852 _bП
_cП 820(73)-31/Е 82
942 _cKNG
_n0
_07